| 000 | 00000nam 2200000zi 4500 |
| 001 | 9.940600 |
| 003 | CaOODSP |
| 005 | 20240820082310 |
| 006 | m o d f |
| 007 | cr |n||||||||| |
| 008 | 240715s1979 onc o f000 0|fre d |
| 040 | |aCaOODSP|bfre|cCaOODSP|erda |
| 043 | |an-cn-on |
| 086 | 1 |aRE24-24/1979F-PDF |
| 245 | 02|aL'Est de l'Ontario : |bentente auxiliaire : une entente auxiliaire en vertu de l'entente-cadre de développement Canada-Ontario, signée le 20, décembre, 1979. |
| 246 | 33|aEntente auxiliaire Canada-Ontario pour l'est de l'Ontario |
| 264 | 1|a[Ottawa] : |b[Expansion économique régionale], |c[1979] |
| 300 | |a1 ressource en ligne (26 pages) |
| 336 | |atexte|btxt|2rdacontent/fre |
| 337 | |ainformatique|bc|2rdamedia/fre |
| 338 | |aressource en ligne|bcr|2rdacarrier/fre |
| 500 | |aÉdition numérisée de l'imprimé [par Innovation, Sciences et Développement économique Canada]. |
| 500 | |aPublié aussi en anglais sous le titre : Eastern Ontario subsidiary agreement : a subsidiary agreement to the Canada-Ontario General Development Agreement signed December 20, 1979. |
| 650 | 6|aAide au développement économique régional|zOntario (Est) |
| 650 | 6|aRelations fédérales-provinciales (Canada)|zOntario (Est) |
| 650 | 6|aAménagement du territoire|zOntario (Est) |
| 651 | 6|aOntario (Est)|xPolitique économique. |
| 710 | 1 |aCanada. |bMinistère de l'expansion économique régionale, |eorganisme de publication. |
| 775 | 08|tEastern Ontario subsidiary agreement : |w(CaOODSP)9.898052 |
| 856 | 40|qPDF|s390 Ko|uhttps://publications.gc.ca/collections/collection_2024/isde-ised/re24/RE24-24-1979-fra.pdf |